Before I say good-bye (Бичлэгийн дугаар. 145446)
| 000 -УДИРДЛАГА | |
|---|---|
| Удирдлага | 00679nam a22002537a 4500 |
| 003 - ХЯНАЛТЫН ТОО ТОДОРХОЙЛОГЧ | |
| Код | MN-UlNUM |
| 005 - БИЧИЛТ ХИЙСЭН ОГНОО | |
| Тухайн бичилтийг бичсэн засварласан сүүлийн огноо | 20251110111753.0 |
| 008 - ЕРӨНХИЙ МЭДЭЭЛЭЛ | |
| Ерөнхий мэдээлэл | 251110s2000 nyu||||| |||| 001 0 eng d |
| 020 ## - ISBN | |
| ISBN | 0684835983 |
| 040 ## - БИЧЛЭГ ҮҮСГЭГЧ БАЙГУУЛЛАГА | |
| Бичлэг үүсгэгч номын сангийн код | МУИС-ийн номын сан |
| 084 ## - ББК АНГИЛАЛ | |
| Нэмэлт тусгалт | Уран зохиол |
| ББК ангилал | 84(7)-44 |
| Зохиогчийн гурван тэмдэгт | C 59 |
| Мэдлэгийн ялгаа | 84 - Уран зохиол |
| 100 1# - ЗОХИОГЧ | |
| Зохиогчийн нэр | Clark, Mary Higgins. |
| 245 10 - ҮНДСЭН ГАРЧИГ | |
| Номын нэр | Before I say good-bye |
| Оролцогчдын тухай мэдээ | Mary Higgins Clark. |
| 260 ## - ГАРАЛТЫН МЭДЭЭ | |
| Хэвлэгдсэн газар | New York : |
| Хэвлэлийн газар | Simon & Schuster, |
| Хэвлэгдсэн он | 2000. |
| 300 ## - МАТЕРИАЛЫН ТОДОРХОЙЛОЛТ | |
| хуудасны тоо | 332 p. ; |
| Хэмжээ | 25 cm. |
| 500 ## - Тайлбар | |
| Дансны дугаар | БС 2026 |
| 546 ## - ХЭЛНИЙ ТУХАЙ МЭДЭЭ | |
| Хэл | Англи хэл дээр, |
| 653 ## - Түлхүүр үг | |
| Түлхүүр үг | explosions $v Fiction. |
| 653 ## - Түлхүүр үг | |
| Түлхүүр үг | psychics $v Fiction. |
| 653 ## - Түлхүүр үг | |
| Түлхүүр үг | mediums $v Fiction. |
| 653 ## - Түлхүүр үг | |
| Түлхүүр үг | widows $v Fiction. |
| 942 ## - ЭЛЕМЕНТИЙН ТӨРӨЛ | |
| Зүйлийн төрөл | Ном |
